National innovation systems, social inclusion and development : the Latin American experience (Record no. 32858)

MARC details
000 -LEADER
fixed length control field 00681nam a2200181Ia 4500
020 ## - INTERNATIONAL STANDARD BOOK NUMBER
ISBN 9781783474349
050 ## - CALL MARK
Classification number HC 130.T4 .N38/
100 ## - STATEMENT OF RESPONSIBILITY--MAIN AUTHOR NAME
Personal name Edited by Gabriel Dutrenit and Judith Sutz
245 #0 - TITLE STATEMENT
Title National innovation systems, social inclusion and development : the Latin American experience
260 ## - PUBLICATION, DISTRIBUTION, ETC. (IMPRINT)
Place of publication Cheltenham
260 ## - PUBLICATION, DISTRIBUTION, ETC. (IMPRINT)
Name of publisher Edward Eigar Publishing Limited
260 ## - PUBLICATION, DISTRIBUTION, ETC. (IMPRINT)
Year of publication 2014
300 ## - PHYSICAL DESCRIPTION
Number of Pages 428 p
650 ## - SUBJECT ADDED ENTRY--TOPICAL TERM
Topical Term Technological innovations--Economic aspects--Latin America. Economic development--Latin America. Latin America--Economic policy. Latin America--Social policy.
942 ## - ADDED ENTRY ELEMENTS (KOHA)
Koha item type Books
Holdings
Withdrawn status Lost status Source of classification or shelving scheme Damaged status Not for loan Permanent Location Current Location Date acquired Accession Number Price effective from Koha item type
    Library of Congress Classification     NILE UNIVERSITY OF NIGERIA - MAIN LIBRARY NILE UNIVERSITY OF NIGERIA - MAIN LIBRARY 04/23/2025 0193403 04/23/2025 Books